| 000 | 02395nam a2200385 a 4500 | ||
|---|---|---|---|
| 999 |
_c106746 _d106746 |
||
| 003 | BLK | ||
| 005 | 20250724164824.0 | ||
| 008 | 180409b bul|||||r ||||||| ||bul|| | ||
| 010 | _aKNG00112010000 | ||
| 020 | _a954-657-368-Х | ||
| 020 | _a9789546573681 | ||
| 020 | _a9786192403850 | ||
| 040 | _aBLK | ||
| 041 |
_aBUL _cBUL |
||
| 080 |
_aБългарска литература _b821.163.2 _x-32(081) _z821.163.2-32(081) |
||
| 080 |
_aБългарска литература _b821.163.2 _x-992(081) _z821.163.2-992(081) |
||
| 100 | 1 |
_aВазов, Иван Минчов _eпърви автор _9363396 |
|
| 139 |
_aВазов, Иван Минчов _bВ 15 |
||
| 245 | 1 | 0 |
_aИзбрани разкази и пътеписи _cИван Вазов. |
| 245 | 1 | 0 | _aКардашев на лов |
| 257 | _aBGR | ||
| 260 |
_aСофия _bПАН _c2002 _fСофия : Балкан прес |
||
| 300 |
_a367 с. _c20 см |
||
| 380 | _aX | ||
| 490 |
_aПоредица Книги за ученика _9202156 |
||
| 500 | _aИмето на състав. отбелязано в изд. каре. - Първопроходникът / Ангел Малинов: с. 355-360. История на Вазовия разказ : из "Малък етюд на тема "Генезис на разказа" / Стефан Елевтеров: с. 361-362. Животопис: с. 363-365. - Съдържа: Иде ли? ; Хаджи Ахил ; Кандидат за "Хамама" ; Из кривините ; Gronde Maritza tiente de sang ; Пейзаж ; Той е млад, здрав, интелигентен ; "Травиата" ; Дядо Йоцо гледа ; Даскалите ; Една българка ; Павле Фертигът ; От оралото до урата ; Урок ; Тъмен герой ; Сладкодумен гост на държавната трапеза ; При Ивана Гърбата ; Апостолът в премеждие ; Чистият път ; Един кът от Стара планина ; Розовата долина и Тунджа. - Доп. тир. 2005. | ||
| 852 |
_aЦб 218782 _bЦб |
||
| 852 |
_aЦб 317615 _bЦб |
||
| 856 | 4 |
_qpdf _i0.00 _ldisable |
|
| 856 | 4 |
_qpdf _i0.00 _ldisable |
|
| 942 |
_cKNG _n0 _034 _s1 |
||
| 944 |
_aCR _c30.03.2004 _lЦветелина Шанова _k30531 |
||
| 999 | _d106746 | ||
| 999 | _d106746 | ||